Lyrics Sissi Kinderserie - Statistiken

Allgemein
  • Dieses Quiz wurde 116 mal gespielt
    21 seit der letzten Aktualisierung
  • Das Durchschnittsergebnis liegt bei 58 aus 100
Antwortstatistiken
% Korrekt
Sissi
94%
du
88%
Du
88%
er
88%
wahr
81%
da
75%
die
75%
Liebe
75%
Träume
75%
und
75%
an
69%
dein
69%
was
69%
werden
69%
Abendwind
63%
das
63%
deine
63%
Der
63%
der
63%
dich
63%
ich
63%
in
63%
Kaiser
63%
sein
63%
sind
63%
stehst
63%
wird
63%
allein
56%
bin
56%
durch
56%
egal
56%
ganz
56%
Ganz
56%
Haar
56%
im
56%
immer
56%
Lächelnd
56%
langes
56%
leisen
56%
weht
56%
Wünsche
56%
zärtlich
56%
auch
50%
denkst
50%
Gedanken
50%
Glück
50%
lässt
50%
Leben
50%
niemals
50%
Sehnsucht
50%
weiß
50%
Arme
44%
deiner
44%
dir
44%
ein
44%
eines
44%
Frau
44%
genau
44%
geschehen
44%
größer
44%
Tage
44%
vergangen
44%
jene
38%
Kind
38%
sagt
38%
tief
38%
treiben
38%
Weg
38%
zur
38%
bringt
31%
doch
31%
kann
31%
kleinen
31%
Morgen
31%
Niemand
31%
sagen
31%
vom
31%
weite
31%
Keine übereinstimmenden Quizze gefunden
Verteilung der Resultate
Anzahl Personen mit jedem Resultat
Perzentil nach korrekt beantworteten Fragen
Ihre Resultats-Entwicklung
Sie haben dieses Quiz seit der letzten Aktualisierung nicht gespielt